| 000 | 01647cad a22002655a 4500 | ||
|---|---|---|---|
| 001 | L158462 | ||
| 008 | 131031s2014 xxk f f 001 0 eng d | ||
| 035 | _a(Sirsi) u158462 | ||
| 041 | 0 | _aeng | |
| 050 | 0 | 4 | _a333.332 $2 18 |
| 110 | 2 |
_aRoyal Institution of Chartered Surveyors _94900 |
|
| 245 | 0 | 4 |
_aThe role of international and local valuation standards in influencing valuation practice in emerging and established markets _h[electronic resource] |
| 260 |
_aLondon _bRICS _c2014 |
||
| 490 | 0 | _aRICS Research | |
| 520 | _aAvailable as a full report of executive summary. | ||
| 520 | _aPresents an overview of international and local valuation standards with a focus on four countries; Brazil, China, the UK and the US. Focuses on the role of international and local valuation standards in influencing valuation practice in emerging and established markets. The report demonstrates the significance of International Valuation Standards for sustainable international growth and recommends that an effective synergy between international and local standards can offer international investors greater confidence in global valuation practices. | ||
| 650 | 2 | 4 | _aRICS VALUATION STANDARDS |
| 651 | 4 | _aInternational | |
| 690 |
_aValuation _96273 |
||
| 710 | 1 |
_aUniversity of Ulster _93068 |
|
| 710 | 1 |
_aUniversity of Reading _93273 |
|
| 856 | 4 | 0 |
_uhttps://www.rics.org/Global/Global_Valuation_Standards_FR_130314_dwl_aj.pdf _zView this item full report of charge at www.rics.org |
| 856 | 4 | 0 |
_uhttps://www.rics.org/Global/Global_Valuation_Standards_ES_130314_dwl_aj.pdf _zView this item executive summary of charge at www.rics.org |
| 942 | _n0 | ||
| 999 |
_c115324 _d115324 |
||